[Event "Bucharest Grand Prix op"]
[Site "Bucharest"]
[Date "2024.03.24"]
[Round "5"]
[White "Economescu, Valentin"]
[Black "Vedmediuc, Serghei"]
[Result "0-1"]
[WhiteElo "2147"]
[BlackElo "2452"]
[PlyCount "50"]
[EventDate "2024.03.23"]
[EventType "swiss (rapid)"]
[EventRounds "10"]
[EventCountry "ROU"]
[SourceTitle "CB13_2024"]
[SourceDate "2024.03.27"]
[SourceVersion "1"]
[SourceVersionDate "2024.03.27"]
[SourceQuality "1"]

1. e4 c5 2. Nf3 Nc6 3. d4 cxd4 4. c3 dxc3 5. Nxc3 e6 6. Bc4 a6 7. 0-0 b5 8. Bb3 Na5 9. Bc2 Bb7 10. Qe2 Rc8 11. Re1 Nf6 12. Bg5 Be7 13. e5 Nd5 14. Ne4 0-0 15. Rac1 Nc4 16. Bxe7 Qxe7 17. b3 Nf4 18. Qd1 Na3 19. Qd2 Nxc2 20. Qxf4 Nxe1 21. Nf6+ Qxf6 22. exf6 Nd3 23. Qc7 Rxc7 24. Rxc7 Bxf3 25. gxf3 gxf6 0-1

[Event "ROM-chT"]
[Site "Eforie Nord"]
[Date "2023.09.26"]
[Round "6.3"]
[White "Vedmediuc, Serghei"]
[Black "Iordachescu, Viorel"]
[Result "1/2-1/2"]
[WhiteElo "2431"]
[BlackElo "2584"]
[PlyCount "74"]
[EventDate "2023.09.21"]
[EventType "team-tourn"]
[EventRounds "9"]
[EventCountry "ROU"]
[SourceTitle "EXT 2024"]
[Source "ChessBase"]
[SourceDate "2023.10.10"]
[SourceVersion "1"]
[SourceVersionDate "2023.10.10"]
[SourceQuality "1"]
[WhiteTeam "Baia Mare Municipiului"]
[BlackTeam "Arad Vados"]
[WhiteTeamCountry "ROU"]
[BlackTeamCountry "ROU"]

1. e4 c5 2. Nf3 Nc6 3. Bb5 e6 4. 0-0 Nge7 5. Re1 a6 6. Bf1 d5 7. exd5 Nxd5 8. d4 Nf6 9. Be3 Be7 10. c4 cxd4 11. Nxd4 Bd7 12. Nc3 0-0 13. a3 Ne5 14. Bf4 Ng6 15. Bg3 b6 16. b4 Qc8 17. Be2 Rd8 18. Bf3 Ra7 19. Qb3 h5 20. h3 Be8 21. Rad1 h4 22. Bh2 Bd6 23. Bxd6 Rxd6 24. Nc2 Rxd1 25. Rxd1 Ne5 26. Be2 Bc6 27. Ne3 Ng6 28. Rd4 Rd7 29. Qd1 Nf4 30. Bf1 Qc7 31. Rxd7 Nxd7 32. Ne2 Ng6 33. Nd4 Bb7 34. Qc2 Nf4 35. Ne2 Ng6 36. Nd4 Qe5 37. Nb3 Kf8 1/2-1/2

[Event "ROM-chT"]
[Site "Eforie Nord"]
[Date "2023.09.25"]
[Round "5.3"]
[White "Ciobotaru, Alexandru Vlad"]
[Black "Vedmediuc, Serghei"]
[Result "0-1"]
[WhiteElo "1778"]
[BlackElo "2431"]
[PlyCount "50"]
[EventDate "2023.09.21"]
[EventType "team-tourn"]
[EventRounds "9"]
[EventCountry "ROU"]
[SourceTitle "EXT 2024"]
[Source "ChessBase"]
[SourceDate "2023.10.10"]
[SourceVersion "1"]
[SourceVersionDate "2023.10.10"]
[SourceQuality "1"]
[WhiteTeam "Urziceni Viitorul"]
[BlackTeam "Baia Mare Municipiului"]
[WhiteTeamCountry "ROU"]
[BlackTeamCountry "ROU"]

1. d4 Nf6 2. c4 e6 3. Nf3 b6 4. g3 Ba6 5. Qc2 c5 6. Bg2 Nc6 7. Qa4 Bb7 8. Ne5 cxd4 9. Nxc6 Qc8 10. Nxa7 Bxg2 11. Nxc8 Rxa4 12. Nxb6 Rb4 13. Rg1 Be4 14. f3 Bxb1 15. Nxd7 Kxd7 16. Rxb1 Rxc4 17. Bd2 Bd6 18. Rc1 Rxc1+ 19. Bxc1 Rc8 20. Kd1 Nd5 21. Bd2 Ne3+ 22. Bxe3 dxe3 23. f4 Bb4 24. f5 Bd2 25. fxe6+ Kxe6 0-1

[Event "Bucharest Grand Prix"]
[Site "Bucharest"]
[Date "2023.04.30"]
[Round "8"]
[White "Hnatyshyn, Anastasiya"]
[Black "Vedmediuc, Serghei"]
[Result "1/2-1/2"]
[WhiteElo "2114"]
[BlackElo "2430"]
[PlyCount "91"]
[EventDate "2023.04.29"]
[EventType "swiss (rapid)"]
[EventRounds "10"]
[EventCountry "ROU"]
[SourceTitle "CBM 213 Extra"]
[Source "ChessBase"]
[SourceDate "2023.05.31"]
[SourceVersion "1"]
[SourceVersionDate "2023.05.31"]
[SourceQuality "1"]

1. e4 c5 2. Nf3 e6 3. d4 cxd4 4. Nxd4 Nc6 5. Nc3 Qc7 6. Be3 a6 7. Be2 Nf6 8. 0-0 Be7 9. f4 d6 10. Qe1 0-0 11. Rd1 Nxd4 12. Bxd4 b5 13. a3 Bb7 14. Bf3 Rad8 15. Qg3 Rd7 16. Kh1 Rfd8 17. h3 Bc6 18. Rde1 Qb7 19. Nd5 Ne8 20. Nb4 a5 21. Nxc6 Qxc6 22. c3 Bf8 23. Kh2 Re7 24. e5 d5 25. b4 Ra8 26. Ra1 g6 27. Be2 Ng7 28. Qd3 Rb7 29. g4 Be7 30. Rfb1 Bd8 31. a4 bxa4 32. b5 Qc8 33. b6 Be7 34. Rxa4 Bc5 35. Bxc5 Qxc5 36. Qd4 Qc6 37. Rb5 Ne8 38. Raxa5 Rxa5 39. Rxa5 Rxb6 40. Rc5 Qb7 41. Kg3 Nc7 42. Ra5 Rb2 43. Bd3 Qc6 44. Qc5 Qxc5 45. Rxc5 Ne8 46. Bb5 1/2-1/2

[Event "Bucharest Grand Prix"]
[Site "Bucharest"]
[Date "2023.04.30"]
[Round "5"]
[White "Vedmediuc, Serghei"]
[Black "Yuffa, Daniil"]
[Result "1/2-1/2"]
[WhiteElo "2430"]
[BlackElo "2602"]
[PlyCount "87"]
[EventDate "2023.04.29"]
[EventType "swiss (rapid)"]
[EventRounds "10"]
[EventCountry "ROU"]
[SourceTitle "CBM 213 Extra"]
[Source "ChessBase"]
[SourceDate "2023.05.31"]
[SourceVersion "1"]
[SourceVersionDate "2023.05.31"]
[SourceQuality "1"]

1. e4 Nf6 2. e5 Nd5 3. d4 d6 4. Nf3 g6 5. c4 Nb6 6. exd6 cxd6 7. Nc3 Bg7 8. h3 0-0 9. Be2 Nc6 10. 0-0 Bf5 11. Re1 e5 12. Bg5 Qd7 13. dxe5 dxe5 14. c5 Qxd1 15. Raxd1 Nd7 16. g4 Be6 17. Be3 Rad8 18. Ng5 Nd4 19. Nxe6 fxe6 20. Ne4 Nf6 21. Nxf6+ Bxf6 22. Kg2 Kg7 23. Bd3 Be7 24. b4 Nf3 25. Rf1 Nd4 26. Be4 b6 27. cxb6 axb6 28. a3 Rd7 29. f4 Ra7 30. fxe5 Rxf1 31. Kxf1 Nb5 32. Bxb6 Rxa3 33. Rd7 Kf8 34. Bd3 Nc3 35. Bc5 Bxc5 36. bxc5 Nd5 37. Be4 Rc3 38. Bxd5 exd5 39. Rxd5 Ke7 40. Kg2 Ke6 41. Rd6+ Kxe5 42. Rd7 Rxc5 43. Rxh7 Kf6 44. Rd7 1/2-1/2

[Event "Chania Theodorakis Memorial 2nd"]
[Site "Chania"]
[Date "2023.04.20"]
[Round "5"]
[White "Mikrut, Dariusz"]
[Black "Vedmediuc, Serghei"]
[Result "1/2-1/2"]
[WhiteElo "2340"]
[BlackElo "2430"]
[PlyCount "21"]
[EventDate "2023.04.17"]
[EventType "swiss"]
[EventRounds "9"]
[EventCountry "GRE"]
[SourceTitle "EXT 2024"]
[Source "ChessBase"]
[SourceDate "2023.10.10"]
[SourceVersion "1"]
[SourceVersionDate "2023.10.10"]
[SourceQuality "1"]

1. d4 d6 2. e4 Nf6 3. Nc3 e5 4. Nge2 c6 5. Be3 b5 6. dxe5 dxe5 7. Qxd8+ Kxd8 8. Nc1 Bb7 9. a4 a6 10. Nd3 Nbd7 11. g3 1/2-1/2

[Event "Chania Theodorakis Memorial 2nd"]
[Site "Chania"]
[Date "2023.04.20"]
[Round "6"]
[White "Vedmediuc, Serghei"]
[Black "Koudounis, Vasileios"]
[Result "1-0"]
[WhiteElo "2430"]
[BlackElo "2146"]
[PlyCount "157"]
[EventDate "2023.04.17"]
[EventType "swiss"]
[EventRounds "9"]
[EventCountry "GRE"]
[SourceTitle "EXT 2024"]
[Source "ChessBase"]
[SourceDate "2023.10.10"]
[SourceVersion "1"]
[SourceVersionDate "2023.10.10"]
[SourceQuality "1"]

1. e4 c5 2. Nf3 e6 3. d4 cxd4 4. Nxd4 Nc6 5. Nc3 Qc7 6. Be3 a6 7. Qf3 b5 8. Qg3 Qxg3 9. hxg3 Bb7 10. f3 Bc5 11. Nf5 Bxe3 12. Nxe3 Nf6 13. g4 g5 14. Rh6 Ke7 15. a4 b4 16. Ncd5+ Nxd5 17. exd5 Ne5 18. 0-0-0 f6 19. Nc4 Nf7 20. Rh2 Rad8 21. Nb6 Ne5 22. a5 exd5 23. Nxd5+ Bxd5 24. Rxd5 Ke6 25. Rd4 Nc6 26. Re4+ Kf7 27. Bxa6 d5 28. Re1 Nxa5 29. b3 Nc6 30. Bd3 h6 31. Kd2 Ra8 32. Rhh1 Ne5 33. Bf5 Ke7 34. g3 Kd6 35. Ref1 Rae8 36. f4 Nc6 37. Bg6 Re6 38. Rh2 Nd4 39. Bd3 Kc5 40. Rhf2 Rhe8 41. Ra1 Nc6 42. Rh1 Re3 43. Re2 Rxe2+ 44. Bxe2 Nd4 45. Bd1 gxf4 46. gxf4 Re4 47. f5 Kd6 48. Rxh6 Ke5 49. Rh8 Kf4 50. Rb8 Nc6 51. Rb6 Ne5 52. Rxf6 Rd4+ 53. Kc1 Nxg4 54. Rf8 Ne3 55. Be2 Kg5 56. f6 Nf5 57. Bd3 Nd6 58. Kd2 Rf4 59. Ke3 d4+ 60. Ke2 Rxf6 61. Rb8 Re6+ 62. Kd2 Kf4 63. Rxb4 Ke5 64. Ra4 Kd5 65. Bc4+ Nxc4+ 66. Rxc4 Re3 67. Rc8 Rh3 68. Kc1 Rh1+ 69. Kb2 Rh7 70. b4 Rh3 71. Ka2 Rg3 72. b5 Rg6 73. Kb3 Rg1 74. Kb4 Rb1+ 75. Ka5 Kd6 76. b6 Kd7 77. Rc4 Ra1+ 78. Ra4 Rb1 79. Rb4 1-0

[Event "Chania Theodorakis Memorial 2nd"]
[Site "Chania"]
[Date "2023.04.18"]
[Round "3"]
[White "Marzano, Carlo"]
[Black "Vedmediuc, Serghei"]
[Result "0-1"]
[WhiteElo "2144"]
[BlackElo "2430"]
[PlyCount "60"]
[EventDate "2023.04.17"]
[EventType "swiss"]
[EventRounds "9"]
[EventCountry "GRE"]
[SourceTitle "EXT 2024"]
[Source "ChessBase"]
[SourceDate "2023.10.10"]
[SourceVersion "1"]
[SourceVersionDate "2023.10.10"]
[SourceQuality "1"]

1. d4 g6 2. e4 Bg7 3. Nf3 d6 4. Nbd2 Nf6 5. Bb5+ c6 6. Bd3 0-0 7. 0-0 Qc7 8. Re1 e5 9. c3 Nbd7 10. a4 a5 11. Bc2 Re8 12. h3 b6 13. Nf1 Ba6 14. Ng3 Rad8 15. Be3 d5 16. Nxe5 Nxe5 17. dxe5 dxe4 18. Qb1 Nd5 19. Bg5 Rc8 20. Nxe4 Rxe5 21. Bh4 Re6 22. Ng5 Rxe1+ 23. Qxe1 Qd7 24. Nf3 Re8 25. Qd1 Be2 26. Qd2 Bxf3 27. gxf3 Qxh3 28. Bg3 Bh6 29. Qd3 Ne3 30. fxe3 Qxg3+ 0-1

[Event "Braila GP RO Stage 5"]
[Site "Braila"]
[Date "2022.11.06"]
[Round "8"]
[White "Mastrovasilis, Athanasios"]
[Black "Vedmediuc, Serghei"]
[Result "1-0"]
[WhiteElo "2520"]
[BlackElo "2430"]
[PlyCount "103"]
[EventDate "2022.11.05"]
[EventType "swiss (rapid)"]
[EventRounds "10"]
[EventCountry "ROU"]
[SourceTitle "EXT 2024"]
[Source "ChessBase"]
[SourceDate "2023.10.10"]
[SourceVersion "1"]
[SourceVersionDate "2023.10.10"]
[SourceQuality "1"]

1. d4 d5 2. c4 c6 3. Nf3 Nf6 4. Nbd2 Bf5 5. Nh4 Be4 6. f3 Bg6 7. Qb3 Qb6 8. Nxg6 hxg6 9. cxd5 cxd5 10. e3 Nc6 11. Qxb6 axb6 12. a3 e6 13. Kf2 Bd6 14. g3 g5 15. Be2 Ke7 16. b3 Rhc8 17. Bb2 Na5 18. Rac1 Rxc1 19. Rxc1 Nc6 20. b4 Rh8 21. Kg2 Rd8 22. Nb1 Na7 23. Nc3 Rc8 24. g4 Nd7 25. h3 Nf8 26. Bd3 g6 27. Na4 Rxc1 28. Bxc1 Nc8 29. e4 Bf4 30. Bxf4 gxf4 31. h4 f6 32. exd5 exd5 33. Nc3 Kd6 34. Ne2 g5 35. h5 Ne7 36. h6 Ke6 37. h7 Neg6 38. Bxg6 Nxg6 39. Nc3 Kd6 40. Kf2 Kc6 41. a4 Nh8 42. Ke2 Nf7 43. Kd3 Nh8 44. Kc2 Nf7 45. Kb3 Nh8 46. b5+ Kd6 47. Kb4 Nf7 48. a5 bxa5+ 49. Kxa5 f5 50. gxf5 g4 51. fxg4 f3 52. Nd1 1-0

[Event "Braila GP RO Stage 5"]
[Site "Braila"]
[Date "2022.11.06"]
[Round "9"]
[White "Vedmediuc, Serghei"]
[Black "Nedelcu, Teodor Cosmin"]
[Result "1/2-1/2"]
[WhiteElo "2430"]
[BlackElo "2211"]
[PlyCount "157"]
[EventDate "2022.11.05"]
[EventType "swiss (rapid)"]
[EventRounds "10"]
[EventCountry "ROU"]
[SourceTitle "EXT 2024"]
[Source "ChessBase"]
[SourceDate "2023.10.10"]
[SourceVersion "1"]
[SourceVersionDate "2023.10.10"]
[SourceQuality "1"]

1. Nf3 d5 2. d3 c5 3. e4 e6 4. g3 Nf6 5. Nbd2 Nc6 6. Bg2 Bd6 7. 0-0 0-0 8. Re1 Bc7 9. c3 Re8 10. e5 Nd7 11. d4 f6 12. exf6 Qxf6 13. Nf1 cxd4 14. cxd4 Bb6 15. Bg5 Qg6 16. Be3 Nf6 17. h3 Bd7 18. N1h2 Rf8 19. a3 Rac8 20. Rc1 Qf7 21. Qd3 Ne4 22. Ng4 Bc7 23. b4 h5 24. Ngh2 Bd6 25. Rc2 a6 26. Rec1 Qe7 27. h4 Na7 28. Rxc8 Rxc8 29. Rxc8+ Nxc8 30. Ng5 Nxg5 31. Bxg5 Qf7 32. Nf1 Be7 33. Bxe7 Qxe7 34. Ne3 Nd6 35. Bf3 Qf7 36. Kg2 g6 37. Qc2 Nb5 38. Qd3 Qf6 39. Nc2 Nd6 40. Qc3 Nc4 41. Be2 b5 42. Ne1 Bc6 43. Nf3 Kg7 44. Kg1 Qf5 45. Ne5 Qb1+ 46. Kg2 Be8 47. Bd3 Qb2 48. Qxb2 Nxb2 49. Be2 Kf6 50. f4 Na4 51. Kf3 Nb6 52. Bd3 Nc8 53. Ke3 Nd6 54. Nf3 Nf5+ 55. Bxf5 gxf5 56. Ne1 Ke7 57. Nd3 Bd7 58. Nc5 Bc8 59. Kd3 Kd6 60. Kc3 Kc6 61. Kb2 Kc7 62. Kb3 Kb6 63. a4 Kc7 64. a5 Kd6 65. Kc3 Ke7 66. Kd3 Kf6 67. Ke3 Ke7 68. Nd3 Bd7 69. Ne5 Be8 70. Kf2 Kf6 71. Kf3 Ke7 72. Ke3 Kd6 73. Nd3 Bd7 74. Kf2 Ke7 75. g4 hxg4 76. Kg3 Kf6 77. Nc5 Bc8 78. Nd3 Bd7 79. Nc5 1/2-1/2

[Event "Braila GP RO Stage 5"]
[Site "Braila"]
[Date "2022.11.06"]
[Round "5"]
[White "Vedmediuc, Serghei"]
[Black "Pultinevicius, Paulius"]
[Result "0-1"]
[WhiteElo "2430"]
[BlackElo "2561"]
[PlyCount "98"]
[EventDate "2022.11.05"]
[EventType "swiss (rapid)"]
[EventRounds "10"]
[EventCountry "ROU"]
[SourceTitle "EXT 2024"]
[Source "ChessBase"]
[SourceDate "2023.10.10"]
[SourceVersion "1"]
[SourceVersionDate "2023.10.10"]
[SourceQuality "1"]

1. e4 c6 2. d4 d5 3. e5 Bf5 4. Nf3 e6 5. Be2 c5 6. 0-0 Nc6 7. c3 h6 8. a3 c4 9. b3 cxb3 10. Qxb3 Qd7 11. Nbd2 Nge7 12. c4 Na5 13. Qb5 Nxc4 14. Nxc4 dxc4 15. Bxc4 Be4 16. Rd1 Bc6 17. Qb3 Nd5 18. Bd2 Be7 19. a4 0-0 20. a5 Rfc8 21. Qd3 Rc7 22. Ba2 Nb4 23. Bxb4 Bxb4 24. Bb1 g6 25. Qe3 Bf8 26. Be4 Bd5 27. h4 Rac8 28. h5 gxh5 29. Rd3 Bg7 30. Nh4 Bc4 31. Rc3 Qe7 32. g3 Bb5 33. Rxc7 Rxc7 34. Qf3 Qb4 35. Rb1 Qxa5 36. Bxb7 a6 37. Be4 Qc3 38. Qf4 Rc4 39. Nf3 Ra4 40. Qh4 Ra1 41. Rxa1 Qxa1+ 42. Kh2 Qf1 43. Qd8+ Bf8 44. Nh4 Qxf2+ 45. Ng2 Qe2 46. Qa8 Qc4 47. Qb7 Qxd4 48. Nf4 Qxe5 49. Ng2 Bd6 0-1

[Event "Braila GP RO Stage 5"]
[Site "Braila"]
[Date "2022.11.05"]
[Round "4"]
[White "Bernadskiy, Vitaliy"]
[Black "Vedmediuc, Serghei"]
[Result "1/2-1/2"]
[WhiteElo "2615"]
[BlackElo "2430"]
[PlyCount "52"]
[EventDate "2022.11.05"]
[EventType "swiss (rapid)"]
[EventRounds "10"]
[EventCountry "ROU"]
[SourceTitle "EXT 2024"]
[Source "ChessBase"]
[SourceDate "2023.10.10"]
[SourceVersion "1"]
[SourceVersionDate "2023.10.10"]
[SourceQuality "1"]

1. d4 d5 2. c4 c6 3. Nf3 Nf6 4. Nc3 dxc4 5. a4 Bf5 6. Ne5 Nbd7 7. Nxc4 Qc7 8. Qd2 Nb6 9. Ne5 Nfd7 10. Qf4 Be6 11. Ng6 Qxf4 12. Nxf4 Bc4 13. a5 Nd5 14. Ra4 b5 15. axb6 N7xb6 16. Ra1 Nb4 17. Kd2 e5 18. dxe5 0-0-0+ 19. Nd3 Bb3 20. Ne4 Nc2 21. Rxa7 Bb4+ 22. Nc3 Nc4+ 23. Kd1 Kb8 24. Rxf7 Na1+ 25. Ke1 Nc2+ 26. Kd1 Na1+ 1/2-1/2

[Event "ROM-chT"]
[Site "Oradea"]
[Date "2022.09.27"]
[Round "7.4"]
[White "Vedmediuc, Serghei"]
[Black "Voiteanu, Christian Gabriel"]
[Result "1-0"]
[WhiteElo "2430"]
[BlackElo "2154"]
[PlyCount "57"]
[EventDate "2022.09.21"]
[EventType "team-tourn"]
[EventRounds "9"]
[EventCountry "ROU"]
[SourceTitle "EXT 2024"]
[Source "ChessBase"]
[SourceDate "2023.10.10"]
[SourceVersion "1"]
[SourceVersionDate "2023.10.10"]
[SourceQuality "1"]
[WhiteTeam "Baia Mare Municipiului"]
[BlackTeam "Targoviste"]
[WhiteTeamCountry "ROU"]
[BlackTeamCountry "ROU"]

1. e4 e5 2. Nf3 Nf6 3. Nxe5 d6 4. Nf3 Nxe4 5. Bd3 Nc5 6. Be2 d5 7. d4 Ne4 8. 0-0 Be7 9. c4 dxc4 10. Bxc4 0-0 11. Nc3 Nd6 12. Bb3 Nc6 13. d5 Na5 14. Bc2 Bf6 15. Nd4 Nac4 16. b3 Ne5 17. Bf4 Ng6 18. Bg3 Nh4 19. Ne4 Nxe4 20. Bxe4 Re8 21. Re1 g6 22. Rc1 Be5 23. Nb5 Bf5 24. Bxf5 Bxg3 25. Rxe8+ Qxe8 26. hxg3 Qxb5 27. Bd3 Qxd5 28. gxh4 Rd8 29. Be2 1-0

[Event "ROM-chT"]
[Site "Oradea"]
[Date "2022.09.23"]
[Round "3.5"]
[White "Vedmediuc, Serghei"]
[Black "Nevednichy, Vladislav"]
[Result "1/2-1/2"]
[WhiteElo "2430"]
[BlackElo "2472"]
[PlyCount "112"]
[EventDate "2022.09.21"]
[EventType "team-tourn"]
[EventRounds "9"]
[EventCountry "ROU"]
[SourceTitle "EXT 2024"]
[Source "ChessBase"]
[SourceDate "2023.10.10"]
[SourceVersion "1"]
[SourceVersionDate "2023.10.10"]
[SourceQuality "1"]
[WhiteTeam "Baia Mare Municipiului"]
[BlackTeam "Iasi Politehnica"]
[WhiteTeamCountry "ROU"]
[BlackTeamCountry "ROU"]

1. e4 c5 2. Nf3 d6 3. Bb5+ Nd7 4. c3 Ngf6 5. Qe2 a6 6. Ba4 e5 7. d4 b5 8. Bc2 Be7 9. 0-0 0-0 10. Rd1 Qc7 11. a4 Rb8 12. Na3 cxd4 13. cxd4 b4 14. Nc4 b3 15. Bd3 exd4 16. Bf4 Nh5 17. Bd2 Nc5 18. Nxd4 g6 19. Bh6 Re8 20. Ne3 Bb7 21. Bc4 Bf6 22. f3 Qd8 23. Qd2 Bg5 24. Bxg5 Qxg5 25. Bd5 h6 26. Bxb7 Rxb7 27. Ng4 Qxd2 28. Rxd2 Kg7 29. Ne2 f5 30. exf5 gxf5 31. Nf2 Rb4 32. Nc3 Re6 33. a5 Nf4 34. g3 Ng6 35. Rad1 Ne5 36. Rxd6 Nxf3+ 37. Kg2 Rxd6 38. Rxd6 Rd4 39. Rc6 Ne1+ 40. Kf1 Ned3 41. Nxd3 Nxd3 42. Rxa6 Nxb2 43. Rb6 Na4 44. Rxb3 Nxc3 45. Rxc3 Ra4 46. Rc5 Kg6 47. h3 Ra2 48. Rb5 Kf6 49. Ke1 Ra3 50. Rb6+ Kg5 51. h4+ Kh5 52. Kf2 Rxa5 53. Kf3 Rc5 54. Kf4 Ra5 55. Rf6 Rb5 56. Rxf5+ Rxf5+ 1/2-1/2

[Event "Condom op 19th"]
[Site "Condom"]
[Date "2022.07.10"]
[Round "2"]
[White "Scurtu, Alexandr"]
[Black "Vedmediuc, Serghei"]
[Result "0-1"]
[WhiteElo "1914"]
[BlackElo "2439"]
[PlyCount "70"]
[EventDate "2022.07.09"]
[EventType "swiss"]
[EventRounds "9"]
[EventCountry "FRA"]
[SourceTitle "CBM 209 Extra"]
[Source "ChessBase"]
[SourceDate "2022.09.30"]
[SourceVersion "1"]
[SourceVersionDate "2022.09.30"]
[SourceQuality "1"]

1. e4 c5 2. Nf3 Nc6 3. d4 cxd4 4. Nxd4 Qb6 5. Nb3 Nf6 6. Bd3 e6 7. 0-0 Be7 8. Nc3 d6 9. Be3 Qc7 10. f4 a6 11. a4 b6 12. Qe2 Nb4 13. Qf3 Bb7 14. a5 b5 15. Qg3 0-0 16. Bb6 Qb8 17. Bd4 Nxd3 18. cxd3 Qd8 19. Rac1 Rc8 20. e5 dxe5 21. Bb6 Qe8 22. fxe5 Nd7 23. Be3 f6 24. exf6 Rxf6 25. Rxf6 Bxf6 26. Rf1 e5 27. Ne4 Bxe4 28. dxe4 Qe6 29. Bd2 Rc2 30. Bc1 Qc6 31. Qd3 Be7 32. Re1 Nf6 33. Qe3 Bb4 34. Bd2 Rxd2 35. Nxd2 Bc5 0-1

[Event "Bucharest Super Rapid op"]
[Site "Bucharest"]
[Date "2022.05.01"]
[Round "8"]
[White "Vedmediuc, Serghei"]
[Black "Kuzubov, Yuriy"]
[Result "1/2-1/2"]
[WhiteElo "2454"]
[BlackElo "2639"]
[PlyCount "131"]
[EventDate "2022.04.30"]
[EventType "swiss (rapid)"]
[EventRounds "10"]
[EventCountry "ROU"]
[SourceTitle "CBM 208 Extra"]
[Source "ChessBase"]
[SourceDate "2022.07.31"]
[SourceVersion "1"]
[SourceVersionDate "2022.07.31"]
[SourceQuality "1"]

1. e4 c5 2. Nf3 Nc6 3. Bb5 d6 4. 0-0 Bd7 5. Re1 Nf6 6. c3 a6 7. Bf1 Bg4 8. d4 cxd4 9. cxd4 e5 10. Be3 Bxf3 11. gxf3 exd4 12. Bxd4 Be7 13. Nc3 Nxd4 14. Qxd4 0-0 15. Rad1 Qa5 16. e5 dxe5 17. Rxe5 Qc7 18. Nd5 Nxd5 19. Rxd5 Bf6 20. Qc4 Qxc4 21. Bxc4 b5 22. Bb3 Bxb2 23. Rd7 a5 24. Rb7 b4 25. Rdd7 Bc3 26. Bxf7+ Kh8 27. Ra7 a4 28. Bd5 Rxa7 29. Rxa7 a3 30. Kf1 g6 31. Ra8 Rxa8 32. Bxa8 b3 33. Bd5 b2 34. Be4 Be5 35. h3 Kg7 36. Ke2 Kf6 37. Bb1 Kg5 38. Kf1 Kf4 39. Be4 Bf6 40. Ke2 Kg5 41. Kf1 Be5 42. Bb1 Kh5 43. Bc2 Bf4 44. Bb1 Kh4 45. Kg2 Bd6 46. Bc2 Kg5 47. Kf1 Bc5 48. Bb1 Kf4 49. Ke2 Ke5 50. Be4 Be7 51. Ke3 Bg5+ 52. Ke2 Kd4 53. Bc2 Kc3 54. Bb1 Bh4 55. f4 Bxf2 56. f5 gxf5 57. Bxf5 h6 58. Bb1 Bh4 59. Kd1 Be7 60. Ke2 Kd4 61. Kd1 Ke3 62. Ke1 h5 63. Kd1 Bg5 64. Bg6 h4 65. Kc2 Kf3 66. Bf5 1/2-1/2

[Event "Bucharest Super Rapid op"]
[Site "Bucharest"]
[Date "2022.04.30"]
[Round "3"]
[White "Prisacaru, Stefan Emilian"]
[Black "Vedmediuc, Serghei"]
[Result "0-1"]
[WhiteElo "1940"]
[BlackElo "2454"]
[PlyCount "68"]
[EventDate "2022.04.30"]
[EventType "swiss (rapid)"]
[EventRounds "10"]
[EventCountry "ROU"]
[SourceTitle "CBM 208 Extra"]
[Source "ChessBase"]
[SourceDate "2022.07.31"]
[SourceVersion "1"]
[SourceVersionDate "2022.07.31"]
[SourceQuality "1"]

1. d4 g6 2. e4 Bg7 3. Nc3 c6 4. f4 d5 5. e5 Nh6 6. Nf3 f6 7. Be3 Qb6 8. a3 0-0 9. Be2 Bg4 10. b4 Nd7 11. Bf2 a5 12. Rb1 axb4 13. axb4 Ra3 14. Qd2 e6 15. 0-0 Nf5 16. h3 Bxf3 17. Bxf3 fxe5 18. fxe5 Bh6 19. Qd3 Qd8 20. Ra1 Rxa1 21. Rxa1 b5 22. Ne2 Nb6 23. Nc1 Nc4 24. Nb3 Be3 25. Bxe3 Nfxe3 26. Qe2 Qh4 27. c3 Nf5 28. Ra6 Ng3 29. Qd3 Qg5 30. Rxc6 Ne3 31. Nd2 Ngf5 32. Rxe6 Nh4 33. Rf6 Rxf6 34. exf6 Nxf3+ 0-1

[Event "ROM-chT"]
[Site "Mamaia"]
[Date "2021.10.10"]
[Round "11.4"]
[White "Martian, Dragos Daniel"]
[Black "Vedmediuc, Serghei"]
[Result "1/2-1/2"]
[WhiteElo "2242"]
[BlackElo "2475"]
[PlyCount "119"]
[EventDate "2021.10.02"]
[EventType "team-tourn"]
[EventRounds "11"]
[EventCountry "ROU"]
[SourceTitle "CBM 204 Extra"]
[Source "ChessBase"]
[SourceDate "2021.11.30"]
[SourceVersion "1"]
[SourceVersionDate "2021.11.30"]
[SourceQuality "1"]
[WhiteTeam "Urziceni Viitorul"]
[BlackTeam "Baia Mare Municipiului"]
[WhiteTeamCountry "ROU"]
[BlackTeamCountry "ROU"]

1. e4 c6 2. d4 d5 3. Nc3 dxe4 4. Nxe4 Nf6 5. Ng3 h5 6. h4 Bg4 7. Be2 e6 8. Bg5 Qb6 9. Bxf6 gxf6 10. f3 Bf5 11. Nxf5 Qa5+ 12. Qd2 Qxf5 13. Bd3 Qd5 14. Be4 Qc4 15. Ne2 f5 16. Bd3 Qd5 17. c4 Qd6 18. 0-0-0 Bh6 19. f4 Nd7 20. Kb1 0-0-0 21. g3 Kb8 22. Bc2 Nf6 23. Qe3 Ng4 24. Qf3 Bg7 25. a3 c5 26. dxc5 Qxc5 27. Rc1 Rd2 28. Rhd1 Rhd8 29. Rxd2 Rxd2 30. Rd1 Rxd1+ 31. Bxd1 Qxc4 32. Bb3 Qb5 33. Ka2 a6 34. Ng1 Qc5 35. Nh3 Qd4 36. Qe2 a5 37. a4 Bf6 38. Ng5 Nf2 39. Nf3 Qc5 40. Ng5 Qd4 41. Nf3 Qc5 42. Ng5 Bxg5 43. hxg5 Qd4 44. Bc2 Ng4 45. g6 fxg6 46. Qxe6 Qf6 47. Qd7 Ka7 48. Bb3 Qb6 49. Bf7 Nf6 50. Qe7 Ne4 51. Qa3 Qf2 52. Bxg6 Nxg3 53. Qc3 Kb6 54. Qf6+ Ka7 55. Qc3 Kb6 56. Qf6+ Ka7 57. Qc3 Kb6 58. Qf6+ Ka7 59. Qc3 Kb6 60. Qa3 1/2-1/2

[Event "ROM-chT"]
[Site "Mamaia"]
[Date "2021.10.03"]
[Round "2.3"]
[White "Soltanici, Ruslan"]
[Black "Vedmediuc, Serghei"]
[Result "1-0"]
[WhiteElo "2380"]
[BlackElo "2475"]
[PlyCount "151"]
[EventDate "2021.10.02"]
[EventType "team-tourn"]
[EventRounds "11"]
[EventCountry "ROU"]
[SourceTitle "CBM 204 Extra"]
[Source "ChessBase"]
[SourceDate "2021.11.30"]
[SourceVersion "1"]
[SourceVersionDate "2021.11.30"]
[SourceQuality "1"]
[WhiteTeam "Techirghiol Victoria"]
[BlackTeam "Baia Mare Municipiului"]
[WhiteTeamCountry "ROU"]
[BlackTeamCountry "ROU"]

1. e4 c5 2. Nf3 e6 3. Nc3 Nc6 4. d4 cxd4 5. Nxd4 Qc7 6. Be3 a6 7. Be2 Nf6 8. 0-0 Be7 9. f4 d6 10. Kh1 0-0 11. Qe1 Nxd4 12. Bxd4 b5 13. a3 Bb7 14. Qg3 Rad8 15. Rae1 Bc6 16. Bd3 Qb7 17. Qh3 g6 18. f5 e5 19. Be3 Rfe8 20. Qf3 d5 21. fxg6 fxg6 22. exd5 Bxd5 23. Nxd5 Qxd5 24. Qxd5+ Nxd5 25. Bg1 Bf8 26. Be4 Kg7 27. g3 Nf6 28. Bb7 Rb8 29. Bg2 a5 30. Re2 b4 31. axb4 axb4 32. Ra1 Rbc8 33. Ra7+ Re7 34. Rxe7+ Bxe7 35. Rxe5 Kf8 36. Re2 Bc5 37. Bxc5+ Rxc5 38. Kg1 Ra5 39. h3 Ra2 40. b3 Ra5 41. Re6 Kf7 42. Rc6 h5 43. Rc4 Rb5 44. Bc6 Rb6 45. Kf2 Ke6 46. Ke3 Ke5 47. Bf3 Rb5 48. h4 Kd6 49. Kd4 Rf5 50. Be4 Nxe4 51. Kxe4 Rb5 52. Rc8 Re5+ 53. Kd4 Re2 54. Rb8 Rxc2 55. Rxb4 Ke6 56. Rb6+ Kf7 57. Rb5 Ke7 58. Rg5 Rc6 59. b4 Rf6 60. Kc5 Kd7 61. Kb5 Kc7 62. Ka5 Kb7 63. b5 Re6 64. Kb4 Rf6 65. Kc5 Re6 66. Kd5 Rf6 67. Ke5 Rb6 68. Ke4 Re6+ 69. Re5 Rf6 70. Kd5 Kc7 71. Re7+ Kd8 72. Re6 Rf5+ 73. Kc6 g5 74. b6 Rf3 75. Rd6+ Ke7 76. Rd5 1-0